• 首页
  • 本馆介绍
  • 公告通知
  • 最新文献
  • 馆藏检索
  • 电子资源
  • 读者导购
  • 参考咨询
  • 我的图书馆
  • 登录
  • 详细信息显示
  • 放入我的书架
  • 预约/预借图书
  • 作者相关作品
  • 分类相关作品
  • 丛书相关作品
  • 出版社相关作品

书目信息

  • 表格格式
  • 工作单格式
  • 卡片格式
题名:
人是一根会思考的芦苇
    
 
作者: 帕斯卡, 著 ;郭向南 编译
分册:  
出版信息: 北京   北京联合出版公司  2017.02
页数: 263页
开本: 22cm
丛书名:
单 册:
中图分类: B565.23
科图分类:
主题词: 帕斯卡----文集--哲学思想--法国
电子资源:
ISBN: 978-7-5502-9268-0
000 01032nam0 2200277 450
001 CAL 0120162079624
005 20171220145835.61
010    @a978-7-5502-9268-0@b精装@dCNY46.00
100    @a20170224d2017 em y0chiy50 ea
101 1  @achi@cfre
102    @aCN@b110000
105    @ay z 000yy
106    @ar
200 1  @a人是一根会思考的芦苇@Aren shi yi gen hui si kao de lu wei@d= Les pensees@f(法) 帕斯卡著@g郭向南编译@zfre
210    @a北京@c北京联合出版公司@d2017.02
215    @a263页@c@d22cm
314    @a帕斯卡 (1623-1662), 法国哲学家、数学家、物理学家, 思想大师。郭向南, 心理学硕士。
330    @a本书是一本有关哲学思想的文集, 是十七世纪法国数学家、物理学家、哲学家帕斯卡的重要理论著作。全书集中反映了帕斯卡的哲学思想。
500 10 @aLes pensees@mChinese
606 0  @a帕斯卡@A@j文集@x哲学思想@y法国
690    @aB565.23@v5
701  0 @a帕斯卡,@Apa si ka@f1623-1662@4著
702  0 @a郭向南@Aguo xiang nan@4编译
801  0 @aCN@b人天书店@c20170224@g
905    @aBZT@dB565.23@e2
906    @dCNY46.00@n3@r1
    
    人是一根会思考的芦苇= Les pensees/(法) 帕斯卡著/郭向南编译.-北京:北京联合出版公司,2017.02
    263页;22cm
    
    
    ISBN 978-7-5502-9268-0(精装):CNY46.00
    本书是一本有关哲学思想的文集, 是十七世纪法国数学家、物理学家、哲学家帕斯卡的重要理论著作。全书集中反映了帕斯卡的哲学思想。
●
相关链接 在五车中查询图书 在当当中查询图书 在豆瓣中查询图书


正题名:人是一根会思考的芦苇     索取号:B565.23/2         预约/预借

序号 登录号 条形码 馆藏地/架位号 状态 备注
1 833444   2000833444   第二书库/ [索取号:B565.23/2] 在馆    
2 833445   2000833445   第二书库/ [索取号:B565.23/2] 在馆    
3 833446   2000833446   第二书库/ [索取号:B565.23/2] 在馆    
山东省滨州职业学院图书馆 欢迎您!
大连网信软件有限公司© 版权所有